[Event "IRL-ch 100th First Week"]
[Site "Dublin"]
[Date "2021.07.23"]
[Round "1"]
[White "Feerick, Cyril"]
[Black "Singhal, Vivaan"]
[Result "1-0"]
[WhiteElo "700"]
[BlackElo "700"]
[PlyCount "87"]
[EventDate "2021.07.23"]
[EventType "swiss"]
[EventRounds "5"]
[EventCountry "IRL"]
[SourceTitle "EXT 2022"]
[Source "ChessBase"]
[SourceDate "2021.10.06"]
[SourceVersion "1"]
[SourceVersionDate "2021.10.06"]
[SourceQuality "1"]

1. e4 d5 2. exd5 Nf6 3. d4 Nxd5 4. Bc4 Bf5 5. Nf3 e6 6. 0-0 Bd6 7. Bxd5 exd5 8. Re1+ Be7 9. Nc3 0-0 10. a4 Nc6 11. Ne5 Nb4 12. Nd3 Nxd3 13. cxd3 Re8 14. Qf3 Be6 15. a5 a6 16. Bf4 c6 17. Na4 Bg5 18. Nc5 Qf6 19. Bxg5 Qxg5 20. Nxe6 Rxe6 21. h3 Rae8 22. Rxe6 Rxe6 23. Qd1 Rg6 24. g3 Qe7 25. Qe1 Qxe1+ 26. Rxe1 Re6 27. Rxe6 fxe6 28. Kg2 Kf7 29. f4 Kf6 30. Kf3 g5 31. fxg5+ Kxg5 32. h4+ Kf5 33. g4+ Kf6 34. Kf4 h6 35. g5+ hxg5+ 36. hxg5+ Kg6 37. b3 Kf7 38. Ke5 b5 39. axb6 Kg6 40. b7 Kxg5 41. b8Q a5 42. Qg8+ Kh6 43. Kf6 Kh5 44. Qg5# 1-0